000 00273nam a2200109Ia 4500
008 220623s9999 xx 000 0 und d
020 _a1555468268
082 _aEJF BAIL
100 _aBAILEY , C.S
_9144955
245 4 _aTHE LITTLE RABBIT WHO WANTED RED WINGS
942 _cBK
_w561
_xJohn Tresidder
_y561
_zJohn Tresidder
999 _c679282
_d679281